Statistics for 夏目漱石の前期三部作・後期三部作

Click here to take the quiz!

General Stats

  • This quiz has been taken 50 times
  • The average score is 3 of 6

Answer Stats

HintAnswer% Correct
後期三部作こころ
91%
前期三部作三四郎
60%
前期三部作それから
60%
前期三部作
43%
後期三部作行人
28%
後期三部作彼岸過迄
23%

Score Distribution

Percentile by Number Answered

Percent of People with Each Score

Your Score History

You have not taken this quiz